Idle Worship - Paramore - Statistics

General Stats
  • This quiz has been taken 18 times
  • The average score is 344 of 384
Answer Stats
Hint Answer % Correct
a
100%
Be
100%
be
100%
down
100%
Down
100%
gonna
100%
I
100%
if
100%
If
100%
I'm
100%
let
100%
like
100%
me
100%
me)
100%
no
100%
not
100%
on
100%
one
100%
say
100%
that
100%
the
100%
to
100%
want
100%
what
100%
What
100%
you
100%
your
100%
all
89%
alone
89%
And
89%
and
89%
as
89%
baby
89%
breath
89%
Don't
89%
don't
89%
Pre-Chorus (Don't
89%
face?
89%
faith
89%
fall
89%
from
89%
got
89%
hate
89%
here
89%
hero
89%
heroes
89%
Chorus Hey
89%
hold
89%
honey
89%
hopeless
89%
I'd
89%
in
89%
it
89%
it's
89%
just
89%
Pre-Chorus Just
89%
keep
89%
know
89%
make
89%
mistake?
89%
money
89%
more
89%
my
89%
need
89%
never
89%
Bridge | Verse 2 Oh
89%
okay
89%
only
89%
pedestal
89%
problems
89%
put
89%
putting
89%
run
89%
said
89%
save
89%
something
89%
Verse 1 Standing
89%
superhuman
89%
supposed
89%
that's
89%
this
89%
was
89%
We
89%
we?
89%
we
89%
who's
89%
you're
89%
You're
89%
appreciated
78%
assured
78%
feel
78%
grace
78%
hoping
78%
little
78%
long
78%
person
78%
rest
78%
single
78%
such
78%
sure
78%
worthy
78%
would
78%
afraid
67%
ain't
67%
awful
67%
dark
67%
escape
67%
girl
67%
hopes
67%
left
67%
lonely
67%
now
67%
ourselves?
67%
Remember
67%
sacred
67%
see
67%
there's
67%
up
67%
used
67%
you'll
67%
But
56%
doesn't
56%
how
56%
light
56%
look
56%
open
56%
thing
56%
goes
44%
illuminate
44%
places
44%
Rip
44%
these
44%
Think
44%
wasting
44%
where
44%
safe
33%
savior
33%
ya
33%
or
22%
could
11%
No matching quizzes found
Score Distribution
Percent of People with Each Score
Percentile by Number Answered
Your Score History
You have not taken this quiz